[Event "DEN-ch 2019"]
[Site "Svendborg"]
[Date "2019.04.14"]
[Round "2.5"]
[White "Aabling-Thomsen, Jakob"]
[Black "Ochsner, Bjorn Moller"]
[Result "0-1"]
[WhiteElo "2358"]
[BlackElo "2486"]
[Annotator "TA"]
[PlyCount "70"]
[EventDate "2019.04.13"]
[EventType "tourn"]
[EventCountry "DEN"]
[SourceTitle "playchess.com"]
[Source "ChessBase"]
[SourceQuality "1"]

{[%evp 9,74,16,29,18,22,14,27,-9,-12,-14,0,8,18,-6,15,0,16,16,35,39,73,29,67,0,21,0,0,0,76,-26,-24,-14,-18,-45,-47,-80,-64,-133,-143,-147,-138,-126,-110,-114,-109,-124,-100,-358,-318,-217,-315,-273,-211,-364,-26,-1406,-1497,-1464,-1460,-1447,-1391,-1300,-1239,-1211,-1117,-1268,-1270]} 1. c4 e5 2. g3 Nc6 3. Bg2 Bc5 4. Nc3 d6 5. e3 a6 6. Nge2 {A25: English Opening vs King's Indian with ...Nc6 but without early d3} Ba7 7. a3 h5 8. b4 $146 {White has an edge.} ({Predecessor:} 8. d4 h4 9. b4 Nge7 10. c5 Bf5 11. Bb2 Qd7 12. Qb3 h3 13. Bf3 exd4 14. Nxd4 {0-1 (40) Aronian,L (2780)-Nakamura,H (2802) Stavanger 2015}) 8... h4 9. Bb2 h3 10. Bf3 f5 11. d3 (11. Bxc6+ $5 bxc6 12. d4 $14) 11... g5 12. Rf1 Nce7 13. Qc2 $36 {[%mdl 2048] White has good play.} Nf6 14. O-O-O Ng6 15. Kb1 Qe7 16. Nc1 c6 17. Nb3 Be6 18. Be2 d5 (18... g4 $11 {keeps the balance.}) 19. c5 (19. cxd5 $16 cxd5 20. d4) 19... Ng4 $11 20. Bxg4 fxg4 21. Nd2 O-O 22. Ne2 Rf7 23. f3 (23. Nc1 $15) 23... gxf3 $17 24. Rxf3 Rxf3 25. Nxf3 Bg4 {Threatens to win with ...Rf8.} 26. Neg1 Rf8 27. Rf1 Bb8 28. Qc1 $2 {[%mdl 8192]} (28. e4 $17 {keeps fighting.}) 28... e4 $19 29. Nd2 exd3 30. Rxf8+ Kxf8 31. Qc3 $2 {[#]} (31. Qf1+ Qf7 32. Qxd3) 31... Qe5 $2 ({Better is} 31... Bxg3 $1 $19 {[%mdl 512]} 32. Qxd3 (32. hxg3 h2) 32... Bxh2 33. Nxh3 Nh4) 32. Ngf3 $2 {[%mdl 8192]} (32. Qxd3 $11 Qf5 33. e4 dxe4 34. Nxe4 (34. Qd8+ $2 Kf7 $19)) 32... Qxc3 {Black is clearly winning.} 33. Bxc3 Bxf3 34. Nxf3 g4 35. Ne1 {[#]} d2 {Played: Bb8xg3} 0-1

[Event "DEN-ch 2019"]
[Site "Svendborg"]
[Date "2019.04.15"]
[Round "3.1"]
[White "Hansen, Sune Berg"]
[Black "Antonsen, Mikkel"]
[Result "1-0"]
[WhiteElo "2590"]
[BlackElo "2426"]
[Annotator "ChessBase"]
[PlyCount "119"]
[EventDate "2019.04.13"]
[EventType "tourn"]
[EventCountry "DEN"]
[SourceTitle "playchess.com"]
[Source "ChessBase"]
[SourceQuality "1"]
[TimeControl "40/5400+30:1800+30"]

1. c4 {[%emt 0:00:00]} e6 {[%emt 0:03:04]} 2. Nf3 {[%emt 0:00:17]} Nf6 {[%emt 0:00:43]} 3. Nc3 {[%emt 0:00:16]} d5 {[%emt 0:00:06]} 4. e3 {[%emt 0:00:04]} b6 {[%emt 0:01:49]} 5. b3 {[%emt 0:03:30]} Bb7 {[%emt 0:00:14]} 6. Bb2 {[%emt 0:00:26]} Bd6 {[%emt 0:05:05]} 7. cxd5 {[%emt 0:03:15]} exd5 {[%emt 0:00:05]} 8. Nb5 {[%emt 0:03:23]} Be7 {[%emt 0:01:08]} 9. Be5 {[%emt 0:01:22]} Na6 {[%emt 0:00:01]} 10. Nbd4 {[%emt 0:08:58]} O-O {[%emt 0:07:33]} 11. Nc6 {[%emt 0:19:41]} Bxc6 {[%emt 0:03:26]} 12. Bxa6 {[%emt 0:00:25]} Nd7 {[%emt 0:13:08]} 13. Bb2 {[%emt 0:05:36]} Nc5 {[%emt 0:02:32]} 14. Be2 {[%emt 0:03:53]} Bb7 {[%emt 0:04:00]} 15. Qc2 {[%emt 0:03:51]} Ne6 {[%emt 0:03:44]} 16. Bd3 {[%emt 0:02:15]} h6 {[%emt 0:01:54]} 17. O-O {[%emt 0:06:03]} Bd6 {[%emt 0:09:23]} 18. Bh7+ {[%emt 0:03:03]} Kh8 {[%emt 0:00:04]} 19. Bf5 {[%emt 0:00:09]} Qe7 {[%emt 0:03:55]} 20. Rac1 {[%emt 0:02:38]} a5 {[%emt 0:04:17]} 21. a4 {[%emt 0:04:22]} Nc5 {[%emt 0:01:48]} 22. Qc3 {[%emt 0:01:53]} Rg8 {[%emt 0:00:06]} 23. Rfe1 {[%emt 0:03:55]} Ne4 {[%emt 0:00:56]} 24. Qc2 {[%emt 0:00:16]} Rae8 {[%emt 0:00:58]} 25. d3 {[%emt 0:01:15]} Ng5 {[%emt 0:00:19]} 26. Nd4 {[%emt 0:05:12]} c5 {[%emt 0:10:10]} 27. Nb5 {[%emt 0:01:08]} d4 {[%emt 0:00:07]} 28. f4 {[%emt 0:03:37]} Ne6 {[%emt 0:04:09]} 29. Qf2 {[%emt 0:03:18]} dxe3 {[%emt 0:01:14]} 30. Rxe3 {[%emt 0:00:17]} Bxf4 {[%emt 0:04:14]} 31. Rxe6 {[%emt 0:00:39]} Bxh2+ {[%emt 0:07:04]} 32. Kxh2 {[%emt 0:00:37]} fxe6 {[%emt 0:00:04]} 33. Bg6 {[%emt 0:02:58]} Ref8 {[%emt 0:01:21]} 34. Qg3 {[%emt 0:00:10]} Bd5 {[%emt 0:05:02]} 35. Re1 {[%emt 0:01:19]} Rf6 {[%emt 0:00:56]} 36. Be4 {[%emt 0:03:41]} Bxe4 {[%emt 0:01:05]} 37. Rxe4 {[%emt 0:00:19]} Rf5 {[%emt 0:01:07]} 38. Nd6 {[%emt 0:01:46]} Rg5 {[%emt 0:00:47]} 39. Qf4 {[%emt 0:00:16]} Rf8 {[%emt 0:00:23]} 40. Rxe6 {[%emt 0:00:29]} Rxf4 {[%emt 0:01:21]} 41. Rxe7 {[%emt 0:30:06]} Kh7 {[%emt 0:04:48]} 42. Ne4 {[%emt 0:00:00]} Rg6 {[%emt 0:00:12]} 43. Rd7 {[%emt 0:00:00]} Rf1 {[%emt 0:02:03]} 44. Be5 {[%emt 0:00:00]} h5 {[%emt 0:01:01]} 45. g3 {[%emt 0:00:00]} Rf5 {[%emt 0:02:22]} 46. Bc3 {[%emt 0:00:00]} Kg8 {[%emt 0:03:14]} 47. Kh3 {[%emt 0:00:00]} Rf1 {[%emt 0:00:42]} 48. Be5 {[%emt 0:00:00]} Rh1+ {[%emt 0:01:28]} 49. Kg2 {[%emt 0:00:00]} Rb1 {[%emt 0:00:39]} 50. Kf3 {[%emt 0:00:00]} Rf1+ {[%emt 0:11:34]} 51. Ke3 {[%emt 0:00:00]} Rf8 {[%emt 0:01:07]} 52. Rb7 {[%emt 0:00:00]} Re8 {[%emt 0:00:42]} 53. Bf4 {[%emt 0:00:00]} Rc6 {[%emt 0:01:24]} 54. Rd7 {[%emt 0:00:00]} Rce6 {[%emt 0:02:36]} 55. Rd5 {[%emt 0:00:00]} g6 {[%emt 0:00:21]} 56. Kf3 {[%emt 0:00:08]} Kg7 {[%emt 0:00:37]} 57. Bg5 {[%emt 0:01:23]} Rf8+ {[%emt 0:00:15]} 58. Kg2 {[%emt 0:00:43]} Rf5 {[%emt 0:01:17]} 59. Rd7+ {[%emt 0:00:14]} Rf7 {[%emt 0:00:14]} 60. Bh6+ {[%emt 0:00:26]} 1-0

[Event "DEN-ch 2019"]
[Site "Svendborg"]
[Date "2019.04.15"]
[Round "3.2"]
[White "Thybo, Jesper Sondergaard"]
[Black "Aabling-Thomsen, Jakob"]
[Result "0-1"]
[WhiteElo "2513"]
[BlackElo "2358"]
[Annotator "ChessBase"]
[PlyCount "88"]
[EventDate "2019.04.13"]
[EventType "tourn"]
[EventCountry "DEN"]
[SourceTitle "playchess.com"]
[Source "ChessBase"]
[SourceQuality "1"]
[TimeControl "40/5400+30:1800+30"]

1. d4 {[%emt 0:00:00]} Nf6 {[%emt 0:00:00]} 2. c4 {[%emt 0:00:00]} g6 {[%emt 0:00:24]} 3. Nc3 {[%emt 0:00:00]} Bg7 {[%emt 0:00:15]} 4. e4 {[%emt 0:00:00]} d6 {[%emt 0:00:06]} 5. h3 {[%emt 0:00:13]} O-O {[%emt 0:00:45]} 6. Be3 {[%emt 0:00:14]} c5 {[%emt 0:01:32]} 7. Nf3 {[%emt 0:00:27]} cxd4 {[%emt 0:01:39]} 8. Nxd4 {[%emt 0:00:29]} Nc6 {[%emt 0:01:24]} 9. Be2 {[%emt 0:00:26]} Nxd4 {[%emt 0:03:18]} 10. Bxd4 {[%emt 0:00:31]} Bd7 {[%emt 0:01:06]} 11. O-O {[%emt 0:00:50]} Bc6 {[%emt 0:06:24]} 12. Qc2 {[%emt 0:01:10]} a5 {[%emt 0:00:28]} 13. Rad1 {[%emt 0:05:31]} Qc7 {[%emt 0:01:09]} 14. Nd5 {[%emt 0:03:17]} Bxd5 {[%emt 0:02:19]} 15. exd5 {[%emt 0:00:09]} Nd7 {[%emt 0:06:07]} 16. Bxg7 {[%emt 0:00:26]} Kxg7 {[%emt 0:00:03]} 17. Rd3 {[%emt 0:01:40]} Kg8 {[%emt 0:03:12]} 18. Re3 {[%emt 0:03:19]} Rfe8 {[%emt 0:07:47]} 19. Qc3 {[%emt 0:05:11]} a4 {[%emt 0:07:48]} 20. Re1 {[%emt 0:04:37]} Qa5 {[%emt 0:01:56]} 21. Qc1 {[%emt 0:00:38]} Nf6 {[%emt 0:11:59]} 22. Bf1 {[%emt 0:13:50]} Kf8 {[%emt 0:03:08]} 23. R3e2 {[%emt 0:07:51]} Rac8 {[%emt 0:05:06]} 24. Qh6+ {[%emt 0:07:30]} Kg8 {[%emt 0:00:02]} 25. Rxe7 {[%emt 0:00:17]} Qxe1 {[%emt 0:01:55]} 26. Rxe1 {[%emt 0:00:07]} Rxe1 {[%emt 0:00:02]} 27. Qf4 {[%emt 0:19:44]} Ne4 {[%emt 0:08:02]} 28. f3 {[%emt 0:01:58]} g5 {[%emt 0:01:11]} 29. Qh2 {[%emt 0:01:38]} Nd2 {[%emt 0:01:50]} 30. Qxd6 {[%emt 0:03:38]} Rxf1+ {[%emt 0:16:08]} 31. Kh2 {[%emt 0:00:04]} Re1 {[%emt 0:05:09]} 32. Qf6 {[%emt 0:02:33]} h6 {[%emt 0:01:18]} 33. d6 {[%emt 0:03:41]} Rf8 {[%emt 0:02:21]} 34. Qxh6 {[%emt 0:02:52]} Nf1+ {[%emt 0:00:27]} 35. Kg1 {[%emt 0:00:26]} Re6 {[%emt 0:00:18]} 36. Qxg5+ {[%emt 0:01:17]} Rg6 {[%emt 0:00:01]} 37. Qe7 {[%emt 0:04:47]} Re6 {[%emt 0:00:09]} 38. Qc7 {[%emt 0:00:01]} Re1 {[%emt 0:00:32]} 39. Kf2 {[%emt 0:00:38]} Rfe8 {[%emt 0:00:10]} 40. f4 {[%emt 0:01:15]} R8e2+ {[%emt 0:00:46]} 41. Kf3 {[%emt 0:30:35]} Re3+ {[%emt 0:11:39]} 42. Kg4 {[%emt 0:00:00]} Rg3+ {[%emt 0:02:18]} 43. Kh5 {[%emt 0:00:00]} Kg7 {[%emt 0:07:36]} 44. Qc5 {[%emt 0:00:00]} Re8 {[%emt 0:03:45]} 0-1

[Event "DEN-ch 2019"]
[Site "Svendborg"]
[Date "2019.04.15"]
[Round "3.3"]
[White "Chatalbashev, Boris"]
[Black "Bjerre, Jonas Buhl"]
[Result "1-0"]
[WhiteElo "2521"]
[BlackElo "2470"]
[Annotator "ChessBase"]
[PlyCount "111"]
[EventDate "2019.04.13"]
[EventType "tourn"]
[EventCountry "DEN"]
[SourceTitle "playchess.com"]
[Source "ChessBase"]
[SourceQuality "1"]
[TimeControl "40/5400+30:1800+30"]

1. d4 {[%emt 0:01:51]} Nf6 {[%emt 0:00:00]} 2. c4 {[%emt 0:00:04]} e6 {[%emt 0:00:00]} 3. Nc3 {[%emt 0:00:04]} Bb4 {[%emt 0:00:14]} 4. Nf3 {[%emt 0:00:06]} c5 {[%emt 0:01:12]} 5. g3 {[%emt 0:00:06]} cxd4 {[%emt 0:00:56]} 6. Nxd4 {[%emt 0:00:06]} O-O {[%emt 0:00:11]} 7. Bg2 {[%emt 0:00:12]} d5 {[%emt 0:00:44]} 8. cxd5 {[%emt 0:02:35]} Nxd5 {[%emt 0:00:16]} 9. Qb3 {[%emt 0:00:17]} Qb6 {[%emt 0:01:34]} 10. Bxd5 {[%emt 0:01:26]} exd5 {[%emt 0:00:30]} 11. Be3 {[%emt 0:00:06]} Nc6 {[%emt 0:02:53]} 12. Nxc6 {[%emt 0:00:34]} Bxc3+ {[%emt 0:00:12]} 13. Qxc3 {[%emt 0:00:10]} Qxc6 {[%emt 0:00:10]} 14. Qxc6 {[%emt 0:07:24]} bxc6 {[%emt 0:00:08]} 15. Rc1 {[%emt 0:00:50]} Bd7 {[%emt 0:01:09]} 16. Kd2 {[%emt 0:01:55]} a5 {[%emt 0:07:27]} 17. Rc5 {[%emt 0:02:26]} a4 {[%emt 0:06:57]} 18. Bd4 {[%emt 0:00:53]} f6 {[%emt 0:04:02]} 19. f3 {[%emt 0:03:58]} Kf7 {[%emt 0:04:15]} 20. Rhc1 {[%emt 0:25:46]} Rfb8 {[%emt 0:04:43]} 21. g4 {[%emt 0:00:34]} h5 {[%emt 0:07:33]} 22. h3 {[%emt 0:00:19]} Rb4 {[%emt 0:07:59]} 23. Kd3 {[%emt 0:08:57]} Rbb8 {[%emt 0:06:34]} 24. Rg1 {[%emt 0:01:47]} hxg4 {[%emt 0:04:53]} 25. hxg4 {[%emt 0:02:09]} Rh8 {[%emt 0:01:31]} 26. g5 {[%emt 0:18:19]} Rh2 {[%emt 0:02:07]} 27. gxf6 {[%emt 0:00:05]} gxf6 {[%emt 0:00:12]} 28. Re1 {[%emt 0:00:45]} Rh4 {[%emt 0:10:52]} 29. Kc3 {[%emt 0:02:27]} Rh2 {[%emt 0:04:15]} 30. Kb4 {[%emt 0:02:50]} Re8 {[%emt 0:05:18]} 31. e3 {[%emt 0:03:52]} Rh4 {[%emt 0:01:42]} 32. Rcc1 {[%emt 0:01:16]} Rh3 {[%emt 0:05:57]} 33. f4 {[%emt 0:02:16]} Rb8+ {[%emt 0:02:05]} 34. Ka3 {[%emt 0:01:09]} Rb5 {[%emt 0:01:47]} 35. Rh1 {[%emt 0:04:26]} Rxh1 {[%emt 0:02:19]} 36. Rxh1 {[%emt 0:00:03]} c5 {[%emt 0:01:10]} 37. Rh7+ {[%emt 0:00:54]} Kg6 {[%emt 0:02:04]} 38. Rxd7 {[%emt 0:00:13]} cxd4 {[%emt 0:00:03]} 39. exd4 {[%emt 0:00:14]} Kf5 {[%emt 0:00:11]} 40. Ra7 {[%emt 0:05:52]} Kxf4 {[%emt 0:01:45]} 41. Rxa4 {[%emt 0:03:45]} Rb8 {[%emt 0:09:18]} 42. Ra6 {[%emt 0:02:17]} Ke4 {[%emt 0:05:27]} 43. Rxf6 {[%emt 0:02:16]} Ra8+ {[%emt 0:01:43]} 44. Kb4 {[%emt 0:03:30]} Rb8+ {[%emt 0:02:17]} 45. Kc5 {[%emt 0:10:27]} Rc8+ {[%emt 0:05:35]} 46. Rc6 {[%emt 0:05:02]} Rxc6+ {[%emt 0:00:06]} 47. Kxc6 {[%emt 0:00:03]} Kxd4 {[%emt 0:00:04]} 48. a4 {[%emt 0:00:30]} Kc4 {[%emt 0:03:34]} 49. a5 {[%emt 0:00:23]} d4 {[%emt 0:00:04]} 50. a6 {[%emt 0:00:38]} d3 {[%emt 0:00:04]} 51. a7 {[%emt 0:00:05]} d2 {[%emt 0:00:02]} 52. a8=Q {[%emt 0:00:05]} d1=Q {[%emt 0:00:03]} 53. Qg8+ {[%emt 0:01:06]} Kb4 {[%emt 0:01:06]} 54. Qb8+ {[%emt 0:00:17]} Kc4 {[%emt 0:00:47]} 55. Qb5+ {[%emt 0:00:19]} Kd4 {[%emt 0:00:19]} 56. Qd5+ {[%emt 0:00:07]} 1-0

[Event "DEN-ch 2019"]
[Site "Svendborg"]
[Date "2019.04.15"]
[Round "3.4"]
[White "Teplyi, Igor"]
[Black "Rasmussen, Allan Stig"]
[Result "0-1"]
[WhiteElo "2418"]
[BlackElo "2541"]
[Annotator "ChessBase"]
[PlyCount "94"]
[EventDate "2019.04.13"]
[EventType "tourn"]
[EventCountry "DEN"]
[SourceTitle "playchess.com"]
[Source "ChessBase"]
[SourceQuality "1"]
[TimeControl "40/5400+30:1800+30"]

1. d4 {[%emt 0:03:49]} f5 {[%emt 0:00:05]} 2. g3 {[%emt 0:01:41]} Nf6 {[%emt 0:00:14]} 3. Bg2 {[%emt 0:00:08]} g6 {[%emt 0:00:21]} 4. Nf3 {[%emt 0:02:03]} Bg7 {[%emt 0:00:08]} 5. O-O {[%emt 0:00:09]} O-O {[%emt 0:00:30]} 6. b3 {[%emt 0:02:01]} d6 {[%emt 0:00:22]} 7. Bb2 {[%emt 0:02:54]} c6 {[%emt 0:00:24]} 8. c4 {[%emt 0:01:07]} Na6 {[%emt 0:12:17]} 9. Qc2 {[%emt 0:04:27]} Re8 {[%emt 0:17:18]} 10. a3 {[%emt 0:23:37]} Qc7 {[%emt 0:08:13]} 11. Nfd2 {[%emt 0:22:23]} e5 {[%emt 0:01:48]} 12. dxe5 {[%emt 0:01:16]} dxe5 {[%emt 0:00:08]} 13. e4 {[%emt 0:00:05]} Nc5 {[%emt 0:03:45]} 14. Nc3 {[%emt 0:00:10]} Qd8 {[%emt 0:19:08]} 15. Rad1 {[%emt 0:02:36]} Qd3 {[%emt 0:01:22]} 16. Qxd3 {[%emt 0:02:41]} Nxd3 {[%emt 0:00:02]} 17. Ba1 {[%emt 0:00:14]} Be6 {[%emt 0:03:06]} 18. exf5 {[%emt 0:06:29]} gxf5 {[%emt 0:00:46]} 19. Nf3 {[%emt 0:00:57]} Rad8 {[%emt 0:01:45]} 20. Nh4 {[%emt 0:02:51]} h5 {[%emt 0:05:34]} 21. Rb1 {[%emt 0:05:11]} Bh6 {[%emt 0:08:44]} 22. h3 {[%emt 0:03:58]} Kf7 {[%emt 0:01:27]} 23. b4 {[%emt 0:01:32]} e4 {[%emt 0:02:58]} 24. f4 {[%emt 0:00:11]} Bf8 {[%emt 0:02:14]} 25. Nd1 {[%emt 0:00:26]} Bxc4 {[%emt 0:01:17]} 26. Ne3 {[%emt 0:00:31]} Be6 {[%emt 0:01:05]} 27. Rfd1 {[%emt 0:05:24]} a5 {[%emt 0:02:17]} 28. Kh2 {[%emt 0:00:49]} axb4 {[%emt 0:00:14]} 29. axb4 {[%emt 0:00:10]} Ba2 {[%emt 0:01:17]} 30. b5 {[%emt 0:00:25]} Bxb1 {[%emt 0:01:00]} 31. Rxb1 {[%emt 0:00:06]} Nd5 {[%emt 0:02:43]} 32. Nhxf5 {[%emt 0:00:55]} Nxe3 {[%emt 0:00:11]} 33. Nxe3 {[%emt 0:00:06]} Bc5 {[%emt 0:00:19]} 34. Nc4 {[%emt 0:01:45]} e3 {[%emt 0:01:20]} 35. Bf3 {[%emt 0:00:05]} Rd5 {[%emt 0:01:13]} 36. bxc6 {[%emt 0:00:17]} bxc6 {[%emt 0:00:04]} 37. Be5 {[%emt 0:01:56]} Nxe5 {[%emt 0:01:02]} 38. fxe5 {[%emt 0:01:22]} Ra8 {[%emt 0:00:48]} 39. Bxh5+ {[%emt 0:00:56]} Ke7 {[%emt 0:00:03]} 40. Rb2 {[%emt 0:01:17]} Ra4 {[%emt 0:01:30]} 41. Rc2 {[%emt 0:02:15]} Rd8 {[%emt 0:07:32]} 42. Kg2 {[%emt 0:10:39]} Rf8 {[%emt 0:01:16]} 43. Nd6 {[%emt 0:05:15]} Bxd6 {[%emt 0:03:22]} 44. exd6+ {[%emt 0:00:05]} Kxd6 {[%emt 0:00:10]} 45. Bf3 {[%emt 0:00:14]} c5 {[%emt 0:03:43]} 46. Re2 {[%emt 0:00:15]} Ra3 {[%emt 0:00:57]} 47. h4 {[%emt 0:00:13]} Rd3 {[%emt 0:00:44]} 0-1

[Event "DEN-ch 2019"]
[Site "Svendborg"]
[Date "2019.04.15"]
[Round "3.5"]
[White "Ochsner, Bjorn Moller"]
[Black "Olsen, Filip Boe"]
[Result "1-0"]
[WhiteElo "2486"]
[BlackElo "2414"]
[Annotator "ChessBase"]
[PlyCount "73"]
[EventDate "2019.04.13"]
[EventType "tourn"]
[EventCountry "DEN"]
[SourceTitle "playchess.com"]
[Source "ChessBase"]
[SourceQuality "1"]
[TimeControl "40/5400+30:1800+30"]

1. e4 {[%emt 0:00:00]} c6 {[%emt 0:00:00]} 2. d4 {[%emt 0:00:00]} d5 {[%emt 0:00:00]} 3. e5 {[%emt 0:00:00]} c5 {[%emt 0:00:10]} 4. dxc5 {[%emt 0:00:00]} e6 {[%emt 0:00:13]} 5. a3 {[%emt 0:00:04]} Bxc5 {[%emt 0:00:18]} 6. Nf3 {[%emt 0:00:19]} Ne7 {[%emt 0:00:15]} 7. Bd3 {[%emt 0:01:27]} Ng6 {[%emt 0:04:27]} 8. O-O {[%emt 0:01:52]} O-O {[%emt 0:01:29]} 9. Re1 {[%emt 0:29:18]} Nc6 {[%emt 0:04:29]} 10. b4 {[%emt 0:02:42]} Bb6 {[%emt 0:02:15]} 11. Bb2 {[%emt 0:01:07]} f6 {[%emt 0:03:43]} 12. exf6 {[%emt 0:05:05]} gxf6 {[%emt 0:00:18]} 13. c4 {[%emt 0:03:54]} Nf4 {[%emt 0:04:09]} 14. Nc3 {[%emt 0:18:50]} Nxd3 {[%emt 0:27:34]} 15. Qxd3 {[%emt 0:00:07]} dxc4 {[%emt 0:00:32]} 16. Qxc4 {[%emt 0:00:49]} Nd4 {[%emt 0:06:39]} 17. Nxd4 {[%emt 0:03:59]} Qxd4 {[%emt 0:00:31]} 18. Qe2 {[%emt 0:00:43]} Qf4 {[%emt 0:07:05]} 19. Rad1 {[%emt 0:04:31]} e5 {[%emt 0:06:51]} 20. Nd5 {[%emt 0:01:17]} Qg4 {[%emt 0:01:19]} 21. Qd2 {[%emt 0:14:15]} Be6 {[%emt 0:03:08]} 22. Nxb6 {[%emt 0:00:53]} axb6 {[%emt 0:00:13]} 23. Re3 {[%emt 0:01:32]} Kf7 {[%emt 0:04:39]} 24. h3 {[%emt 0:04:29]} Qh5 {[%emt 0:02:32]} 25. Qd6 {[%emt 0:00:38]} Rac8 {[%emt 0:01:02]} 26. Rf3 {[%emt 0:00:24]} Rfd8 {[%emt 0:02:37]} 27. Qxd8 {[%emt 0:00:03]} Rxd8 {[%emt 0:00:10]} 28. Rxd8 {[%emt 0:00:01]} Ke7 {[%emt 0:00:43]} 29. Rd2 {[%emt 0:00:45]} Qg5 {[%emt 0:01:20]} 30. Bc1 {[%emt 0:00:32]} Qg6 {[%emt 0:01:18]} 31. Rc3 {[%emt 0:00:53]} b5 {[%emt 0:01:59]} 32. Rc7+ {[%emt 0:01:22]} Ke8 {[%emt 0:01:17]} 33. Kh2 {[%emt 0:00:32]} Qb1 {[%emt 0:09:49]} 34. Rd6 {[%emt 0:00:43]} Bc4 {[%emt 0:00:39]} 35. Be3 {[%emt 0:00:25]} Qf5 {[%emt 0:01:03]} 36. Rxb7 {[%emt 0:00:39]} Qe4 {[%emt 0:01:16]} 37. Rg7 {[%emt 0:00:59]} 1-0

[Event "DEN-ch 2019"]
[Site "Svendborg"]
[Date "2019.04.16"]
[Round "4.1"]
[White "Antonsen, Mikkel"]
[Black "Chatalbashev, Boris"]
[Result "1/2-1/2"]
[WhiteElo "2426"]
[BlackElo "2521"]
[Annotator "ChessBase"]
[PlyCount "108"]
[EventDate "2019.04.13"]
[EventType "tourn"]
[EventCountry "DEN"]
[SourceTitle "playchess.com"]
[Source "ChessBase"]
[SourceQuality "1"]
[TimeControl "40/5400+30:1800+30"]

1. d4 {[%emt 0:00:00]} d5 {[%emt 0:00:19]} 2. c4 {[%emt 0:00:00]} Nc6 {[%emt 0:00:04]} 3. Nc3 {[%emt 0:00:52]} Nf6 {[%emt 0:00:07]} 4. Nf3 {[%emt 0:07:09]} dxc4 {[%emt 0:00:12]} 5. e3 {[%emt 0:13:33]} e5 {[%emt 0:00:33]} 6. Bxc4 {[%emt 0:02:20]} exd4 {[%emt 0:00:07]} 7. exd4 {[%emt 0:00:04]} Bd6 {[%emt 0:00:06]} 8. O-O {[%emt 0:00:08]} O-O {[%emt 0:00:07]} 9. h3 {[%emt 0:03:38]} h6 {[%emt 0:07:52]} 10. a3 {[%emt 0:01:25]} Bf5 {[%emt 0:01:10]} 11. Re1 {[%emt 0:01:28]} a6 {[%emt 0:08:41]} 12. Ne5 {[%emt 0:06:40]} Bxe5 {[%emt 0:01:22]} 13. dxe5 {[%emt 0:00:19]} Qxd1 {[%emt 0:00:13]} 14. Nxd1 {[%emt 0:00:04]} Nd7 {[%emt 0:00:39]} 15. f4 {[%emt 0:05:55]} Nb6 {[%emt 0:07:52]} 16. Ba2 {[%emt 0:04:35]} Nd4 {[%emt 0:01:17]} 17. Ne3 {[%emt 0:00:22]} Be6 {[%emt 0:00:27]} 18. b4 {[%emt 0:01:33]} Na4 {[%emt 0:15:59]} 19. Kh2 {[%emt 0:04:12]} Rad8 {[%emt 0:04:14]} 20. Rf1 {[%emt 0:01:01]} Nb3 {[%emt 0:12:11]} 21. f5 {[%emt 0:11:49]} Nxa1 {[%emt 0:00:29]} 22. fxe6 {[%emt 0:00:41]} fxe6 {[%emt 0:00:44]} 23. Bxe6+ {[%emt 0:00:07]} Kh8 {[%emt 0:10:38]} 24. Bf7 {[%emt 0:01:16]} Rd7 {[%emt 0:01:26]} 25. e6 {[%emt 0:07:25]} Re7 {[%emt 0:00:13]} 26. Rf3 {[%emt 0:09:47]} Nb3 {[%emt 0:14:21]} 27. Nd5 {[%emt 0:00:17]} Rxe6 {[%emt 0:00:07]} 28. Bxe6 {[%emt 0:00:13]} Rxf3 {[%emt 0:00:05]} 29. gxf3 {[%emt 0:00:04]} Nxc1 {[%emt 0:00:06]} 30. Bc8 {[%emt 0:05:03]} c6 {[%emt 0:03:05]} 31. Ne7 {[%emt 0:00:46]} a5 {[%emt 0:06:39]} 32. bxa5 {[%emt 0:01:15]} Nb3 {[%emt 0:00:02]} 33. Bxb7 {[%emt 0:01:21]} Nxa5 {[%emt 0:00:01]} 34. Bxc6 {[%emt 0:00:20]} Nc3 {[%emt 0:02:04]} 35. Be8 {[%emt 0:08:17]} g5 {[%emt 0:00:30]} 36. Nf5 {[%emt 0:00:29]} Kg8 {[%emt 0:01:10]} 37. Nxh6+ {[%emt 0:00:28]} Kf8 {[%emt 0:00:14]} 38. Bh5 {[%emt 0:01:48]} Nc4 {[%emt 0:00:25]} 39. Nf7 {[%emt 0:01:25]} Kg7 {[%emt 0:01:24]} 40. Nxg5 {[%emt 0:00:12]} Nxa3 {[%emt 0:01:16]} 41. h4 {[%emt 0:30:59]} Nc4 {[%emt 0:02:36]} 42. f4 {[%emt 0:00:00]} Ne3 {[%emt 0:03:44]} 43. Bf3 {[%emt 0:00:00]} Nb5 {[%emt 0:00:11]} 44. Be4 {[%emt 0:00:00]} Nd4 {[%emt 0:02:39]} 45. Kg3 {[%emt 0:00:00]} Kh6 {[%emt 0:00:32]} 46. Bb1 {[%emt 0:00:00]} Kh5 {[%emt 0:02:46]} 47. Kh3 {[%emt 0:00:00]} Nd5 {[%emt 0:03:42]} 48. f5 {[%emt 0:00:00]} Nf4+ {[%emt 0:01:02]} 49. Kg3 {[%emt 0:00:00]} Nfe2+ {[%emt 0:01:27]} 50. Kf2 {[%emt 0:00:00]} Kxh4 {[%emt 0:00:31]} 51. Ne6 {[%emt 0:00:00]} Nxf5 {[%emt 0:00:46]} 52. Bxf5 {[%emt 0:00:00]} Nf4 {[%emt 0:01:22]} 53. Nxf4 {[%emt 0:00:00]} Kg5 {[%emt 0:00:07]} 54. Bb1 {[%emt 0:00:00]} Kxf4 {[%emt 0:00:06]} 1/2-1/2

[Event "DEN-ch 2019"]
[Site "Svendborg"]
[Date "2019.04.16"]
[Round "4.2"]
[White "Thybo, Jesper Sondergaard"]
[Black "Hansen, Sune Berg"]
[Result "1-0"]
[WhiteElo "2513"]
[BlackElo "2590"]
[Annotator "ChessBase"]
[PlyCount "63"]
[EventDate "2019.04.13"]
[EventType "tourn"]
[EventCountry "DEN"]
[SourceTitle "playchess.com"]
[Source "ChessBase"]
[SourceQuality "1"]
[TimeControl "40/5400+30:1800+30"]

1. d4 {[%emt 0:00:00]} d5 {[%emt 0:00:00]} 2. c4 {[%emt 0:00:00]} e6 {[%emt 0:00:17]} 3. Nf3 {[%emt 0:00:00]} Nf6 {[%emt 0:00:24]} 4. g3 {[%emt 0:00:06]} Bb4+ {[%emt 0:00:14]} 5. Bd2 {[%emt 0:00:25]} Be7 {[%emt 0:00:43]} 6. Bg2 {[%emt 0:00:13]} O-O {[%emt 0:00:11]} 7. O-O {[%emt 0:00:18]} c6 {[%emt 0:01:54]} 8. Qb3 {[%emt 0:00:47]} Nbd7 {[%emt 0:04:17]} 9. Bf4 {[%emt 0:03:01]} Nh5 {[%emt 0:04:05]} 10. Bc1 {[%emt 0:00:58]} Nhf6 {[%emt 0:00:35]} 11. Bf4 {[%emt 0:01:12]} Nh5 {[%emt 0:01:36]} 12. Bc1 {[%emt 0:00:12]} Nhf6 {[%emt 0:00:06]} 13. Nc3 {[%emt 0:03:48]} b6 {[%emt 0:03:53]} 14. Bf4 {[%emt 0:03:51]} Bb7 {[%emt 0:27:07]} 15. cxd5 {[%emt 0:08:11]} cxd5 {[%emt 0:01:07]} 16. Rfc1 {[%emt 0:00:40]} Rc8 {[%emt 0:14:59]} 17. Nb5 {[%emt 0:08:59]} Rxc1+ {[%emt 0:06:36]} 18. Rxc1 {[%emt 0:00:09]} Qa8 {[%emt 0:04:28]} 19. Nc7 {[%emt 0:17:49]} Qd8 {[%emt 0:01:06]} 20. Ng5 {[%emt 0:00:30]} h6 {[%emt 0:04:08]} 21. Ngxe6 {[%emt 0:01:02]} fxe6 {[%emt 0:00:09]} 22. Nxe6 {[%emt 0:00:07]} Qa8 {[%emt 0:03:54]} 23. Nc7 {[%emt 0:05:47]} Qd8 {[%emt 0:00:06]} 24. e4 {[%emt 0:01:36]} Rf7 {[%emt 0:03:01]} 25. e5 {[%emt 0:01:45]} Nh7 {[%emt 0:02:34]} 26. Nxd5 {[%emt 0:05:59]} Ndf8 {[%emt 0:03:06]} 27. Nxe7+ {[%emt 0:03:56]} Qxe7 {[%emt 0:00:33]} 28. Bxb7 {[%emt 0:06:30]} Qxb7 {[%emt 0:01:08]} 29. e6 {[%emt 0:00:10]} Re7 {[%emt 0:01:29]} 30. Rc7 {[%emt 0:00:24]} Rxc7 {[%emt 0:00:15]} 31. e7+ {[%emt 0:00:06]} Kh8 {[%emt 0:00:11]} 32. Bxc7 {[%emt 0:00:11]} 1-0